000 00477nam a2200157 i 4500
001 104152
003 ES-MaACL
007 t|
008 051124s1969 xxr ||||1| spa d
100 1 _aMiasnikov, A.
_980851
245 1 0 _aEnfermedad hipertensiva y aterosclerosis... /
_cA. Miasnikov; traducido del ruso por... Fina Coll.
260 _aMoscĂș :
_bMir,
_c1969.
300 _a2 v. :
_bil. ;
_c22 cm.
700 1 _aColl, Fina.
_939613
852 _aES-MaACL
_jE-6500-1
_bR.90664
999 _c104152
_d104152